5HLuxD.jpg

KING HENRY VIII SENIOR AND PRIMARY SCHOOL LIBRARY OPAC

Mr. Popper's penguins / (Record no. 1798)

000 -LEADER
fixed length control field 01349cam a2200289 a 4500
001 - CONTROL NUMBER
control field 2237048
003 - CONTROL NUMBER IDENTIFIER
control field OSt
005 - DATE AND TIME OF LATEST TRANSACTION
control field 20230131083300.0
008 - FIXED-LENGTH DATA ELEMENTS--GENERAL INFORMATION
fixed length control field 191030s2009 nyua j 000 1 eng d
020 ## - INTERNATIONAL STANDARD BOOK NUMBER
International Standard Book Number 9780316058438
Qualifying information (paperback) :
040 ## - CATALOGING SOURCE
Original cataloging agency LD4
Language of cataloging eng
Description conventions aacr2
Transcribing agency LD4
Modifying agency NYP
-- FPB
-- BGU
-- TCPL
-- KH8
042 ## - AUTHENTICATION CODE
Authentication code nbic
082 0# - DEWEY DECIMAL CLASSIFICATION NUMBER
Classification number 813.52 ATW
100 1# - MAIN ENTRY--PERSONAL NAME
Personal name Atwater, Richard.
Relator term author
245 10 - TITLE STATEMENT
Title Mr. Popper's penguins /
Statement of responsibility, etc. by Richard and Florence Atwater ; illustrated by Robert Lawson.
250 ## - EDITION STATEMENT
Edition statement 1st rev. pbk. ed.
260 ## - PUBLICATION, DISTRIBUTION, ETC.
Place of publication, distribution, etc. New York :
Name of publisher, distributor, etc. Little, Brown and Co.,
Date of publication, distribution, etc. 2018, 2009.
300 ## - PHYSICAL DESCRIPTION
Extent 138 p. :
Other physical details ill. ;
Dimensions 20 cm.
500 ## - GENERAL NOTE
General note Copyright renewed 1966.
500 ## - GENERAL NOTE
General note Reprint. Originally published: Boston : Little, Brown and Co., 1938.
520 ## - SUMMARY, ETC.
Summary, etc. The lovable Mr. Popper dreams of being an intrepid Antarctic explorer, living his life among the penguins alongside his hero, Admiral Drake. So he is shocked one day when the Admiral responds to his fan letter by sending him a package containing a real, live penguin. Soon, this penguin is joined by another, and before long Mr. Popper has an ice rink in the basement and a dozen delightful penguins living in his house.
650 #0 - SUBJECT ADDED ENTRY--TOPICAL TERM
Topical term or geographic name entry element Humorous stories.
650 #0 - SUBJECT ADDED ENTRY--TOPICAL TERM
Topical term or geographic name entry element Penguins
Form subdivision Fiction.
700 1# - ADDED ENTRY--PERSONAL NAME
Personal name Atwater, Florence.
700 1# - ADDED ENTRY--PERSONAL NAME
Personal name Lawson, Robert,
Dates associated with a name 1892-1957.
942 ## - ADDED ENTRY ELEMENTS (KOHA)
Source of classification or shelving scheme
Koha item type Books - Non Ficton
Holdings
Withdrawn status Lost status Source of classification or shelving scheme Damaged status Not for loan Collection code Permanent Location Current Location Shelving location Date acquired Total Checkouts Full call number Barcode Date due Date last seen Date last checked out Price effective from Koha item type
          Non-Fiction KH8 Primary School Library KH8 Primary School Library Non Fiction 2023-01-31 1 813.52 ATW KHPL000003552 2023-05-18 2023-05-09 2023-05-09 2023-01-31 Books - Non Ficton

Powered By KH8 IT Dept